IBR block copolymers as compatibilizers in NR/BR blends (Record no. 60576)

MARC details
000 -LEADER
fixed length control field 00348nam a2200121Ia 4500
100 ## - MAIN ENTRY--AUTHOR NAME
Personal name Zansig David J
245 #0 - TITLE STATEMENT
Title IBR block copolymers as compatibilizers in NR/BR blends
260 ## - PUBLICATION, DISTRIBUTION, ETC. (IMPRINT)
Name of publisher Rubber Chemistry and Technology
Year of publication 1993
300 ## - PHYSICAL DESCRIPTION
Number of Pages 538-549
650 ## - SUBJECT ADDED ENTRY--TOPICAL TERM
Topical Term Block co-polymer
942 ## - ADDED ENTRY ELEMENTS (KOHA)
Koha item type Journals
Holdings
Withdrawn status Lost status Damaged status Not for loan Home library Current library Shelving location Date acquired Serial Enumeration / chronology Koha item type
      Journals RRII Library RRII Library Rubber chemistry 17/12/2021 Volume 66, Issue 4 Journals